000 00464nam a22001817a 4500
003 MPLRDC
005 20220104175631.0
008 210129b ||||| |||| 00| 0 eng d
020 _a983-813-004-4
082 _a859.61 BEH v.6
100 _a不详
245 _aGAGAK DENGAN SEMUT
_c
260 _a
_bBEH-ER PUBLICATION S/B
_c
300 _b
490 _aSIRI PENDIDIKAN MORAL (TAHAP RENDAH)
650 _aSASTERA KANAK-KANAK
942 _cBK
_o859.61 BEH v.6
999 _c60492
_d60482